IBM's Token-Ring network
Αποθηκεύτηκε σε:
| Κύριος συγγραφέας: | |
|---|---|
| Άλλοι συγγραφείς: | |
| Μορφή: | Βιβλίο |
| Γλώσσα: | English |
| Δημοσίευση: |
Charleston, S.C. :
Computer Technology Research Corp.,
1992
|
| Θέματα: | |
| Ετικέτες: |
Προσθήκη ετικέτας
Δεν υπάρχουν, Καταχωρήστε ετικέτα πρώτοι!
|
MARC
| LEADER | 00000cam a2200000 i 4500 | ||
|---|---|---|---|
| 001 | 1/32635 | ||
| 008 | 950731s1992 eng d | ||
| 020 | |a 0927695960 | ||
| 035 | |l 10023791 | ||
| 040 | |a GR-MY-UA |b gre |e aacr | ||
| 041 | 0 | |a eng | |
| 082 | 0 | |a 004.68 | |
| 100 | 1 | |a Dell'Acqua, Alexa A. | |
| 245 | 1 | 0 | |a IBM's Token-Ring network / |c Alexa A. Dell'Acqua, John F. Mazzaferro |
| 260 | |a Charleston, S.C. : |b Computer Technology Research Corp., |c 1992 | ||
| 300 | |a v, 194 p.; |b ill.; |c 28 cm | ||
| 500 | |a Includes index | ||
| 610 | 2 | 0 | |a International Business Machines Corporation. |
| 650 | 0 | 0 | |a IBM Token-Ring Network (Local area network system) |
| 700 | 1 | |a Mazzaferro, John F. | |
| 852 | |a INST |b CHIOS |e 19950731 |h 004.68 DEL |p 005200004085 |q 005200004085 |t BK |y 0 | ||
| 909 | |a Χ |b 032010 | ||